| 000 | 00830nas a2200277 4500 | ||
|---|---|---|---|
| 001 | BR0808781 | ||
| 003 | BR-BrBNA | ||
| 005 | 20231205112606.0 | ||
| 007 | ta | ||
| 008 | 230509b bl.|||p| |||| 00| 00por d | ||
| 040 |
_aBR-BrBNA _bpor _cBiblioteca Nacional de Agricultura |
||
| 041 | _a(Pt) | ||
| 072 | _aK50 | ||
| 100 | 1 | _aSantos, R.C. dos | |
| 100 | 1 | _aMendes, L.M. | |
| 100 | 1 | _aMori, F.A. | |
| 100 | 1 | _aMendes, R.F. | |
| 245 | 1 | _aAproveitamento de residuos da madeira de candeia (Eremanthus erythropappus)para produção de paineis cimento-madeira | |
| 650 | _aCANDEIA | ||
| 650 | _aMADEIRA | ||
| 650 | _aPAINEL DE MADEIRA | ||
| 650 | _aRESIDUO | ||
| 773 | 0 |
_tCerne (Brazil) _xISSN 0104-7760 _g(Jul-Sep 2008), v. 14(3) p. 241-250 _wBR0808781 |
|
| 909 |
_a202311 _bLúcia _c55 _dLúcia Elande |
||
| 942 |
_2AGRIS _n0 _cANA |
||
| 999 |
_c198844 _d198844 |
||